| 000 | 00609nam a2200205Ia 4500 | ||
|---|---|---|---|
| 005 | 20241129111337.0 | ||
| 008 | 241129s9999||||xx |||||||||||||| ||und|| | ||
| 037 | _aTB | ||
| 040 |
_aCRL _beng _cCRL |
||
| 041 |
_apun _2pun |
||
| 084 |
_aV2:51.N18<-N13 M3;Q3 _qCRL |
||
| 100 |
_aPuri Harish K. Au. _9724149 |
||
| 245 | 0 |
_aGhadar Movement _cPuri Harish K. Au. |
|
| 260 |
_aAmritsar, India _bAmritsar Guru Nanak Dev University _c2013 |
||
| 300 | _a330p. | ||
| 365 |
_aINR _b600 |
||
| 650 | _aIndian HistoryFreedom Struggle | ||
| 942 |
_cTB _hV2:51.N18<-N13 M3;Q3 |
||
| 999 |
_c1230019 _d1230019 |
||